[Event "Tournament 14471 - Europe Echecs"]
[Site "Europe Echecs"]
[Date "2020.07.09"]
[Round "7"]
[Time "17:17:11"]
[PlyCount "101"]
[White "MoraisThomas"]
[Black "KuhnClement"]
[WhiteElo "1710"]
[BlackElo "2150"]
[Mode "WEB"]
[Result "0-1"]

1. e4 c5 2. Nf3 Nc6 3. Bb5 g6 4. O-O Bg7 5. Re1 Nf6 6. Nc3 O-O 7. e5 Ng4 8. Bxc6
dxc6 9. h3 Nh6 10. d3 Nf5 11. Ne4 b6 12. a4 Nd4 13. Bf4 Bb7 14. a5 Qc7 15. Nxd4
cxd4 16. Ng5 c5 17. Qd2 Qc6 18. f3 h6 19. Ne4 Kh7 20. a6 Bc8 21. Qe2 Be6 22. b3
Bd5 23. Bh2 Rae8 24. f4 f6 25. Rf1 Qe6 26. Rae1 fxe5 27. fxe5 Rxf1+ 28. Rxf1 Rf8
29. Rxf8 Bxf8 30. Qg4 Qxg4 31. hxg4 Bxe4 32. dxe4 e6 33. Kf2 Kg7 34. Ke2 Kf7 35.
Kd3 b5 36. b4 c4+ 37. Kxd4 Bxb4 38. Bf4 g5 39. Bc1 Ke8 40. c3 Be7 41. Ke3 Kd7
42. Ke2 Kc6 43. Be3 Bc5 44. Bd4 b4 45. Kd2 bxc3+ 46. Kxc3 Bxd4+ 47. Kxd4 Kb5 48.
Kc3 Kc5 49. g3 Kb5 50. Kd4 Kb4 {MoraisThomas a abandonné} 0-1

[Event "Tournament 14471 - Europe Echecs"]
[Site "Europe Echecs"]
[Date "2020.07.09"]
[Round "7"]
[Time "17:17:11"]
[PlyCount "93"]
[White "GuliyevTofig"]
[Black "VanDenBrandeNo"]
[WhiteElo "1699"]
[BlackElo "1931"]
[Mode "WEB"]
[Result "0-1"]

1. d4 Nf6 2. c4 c5 3. d5 b5 4. cxb5 a6 5. bxa6 g6 6. Nc3 Bxa6 7. e4 Bxf1 8. Kxf1
d6 9. g3 Bg7 10. Nge2 O-O 11. Kg2 Nbd7 12. Be3 Ra6 13. h3 Qa8 14. Qc2 e6 15.
Rhd1 exd5 16. Nxd5 Nxd5 17. Rxd5 Nf6 18. Rd2 Nxe4 19. Rdd1 Ng5+ 20. Kf1 Qh1+ 21.
Ng1 Nxh3 22. Ke2 Nxg1+ 23. Rxg1 Qh5+ 24. g4 Qe5 25. Rgb1 Rc8 26. a4 d5 27. f4
Qe7 28. Kf3 d4 29. Bd2 Qb7+ 30. Qe4 Qb3+ 31. Kg2 Re6 32. Qf3 Qc2 33. Qf2 Rce8
34. Re1 Qxb2 35. a5 Qb7+ 36. Qf3 Qa6 37. Rxe6 Rxe6 38. Re1 c4 39. f5 Rxe1 40.
Bxe1 c3 41. Qd5 Qe2+ 42. Bf2 Qxg4+ 43. Kf1 c2 44. Qd8+ Bf8 45. Qc7 Qd1+ 46. Kg2
c1=Q {GuliyevTofig a abandonné} 0-1

[Event "Tournament 14471 - Europe Echecs"]
[Site "Europe Echecs"]
[Date "2020.07.09"]
[Round "7"]
[Time "17:17:11"]
[PlyCount "123"]
[White "MorenoChabotCl"]
[Black "SiffertArman"]
[WhiteElo "1476"]
[BlackElo "1887"]
[Mode "WEB"]
[Result "0-1"]

1. d4 Nf6 2. c4 g6 3. Nc3 Bg7 4. e4 d6 5. Nf3 O-O 6. Be2 e5 7. d5 a5 8. O-O Na6
9. h3 h6 10. Be3 Ne8 11. Qd2 Kh7 12. Rac1 f5 13. exf5 gxf5 14. Nh2 f4 15. Qc2+
Kh8 16. Bd2 Bf5 17. Qd1 Nf6 18. Bg4 Nxg4 19. Nxg4 Nc5 20. f3 Nd3 21. Ra1 Nxb2
22. Qb3 Nd3 23. Ne4 Bxe4 24. fxe4 Nc5 25. Qc2 Qg5 26. g3 h5 27. Kh1 hxg4 28.
hxg4 Qxg4 29. gxf4 exf4 30. Bc3 Qh3+ 31. Kg1 Qg3+ 32. Kh1 Bxc3 33. Rf2 Rf7 34.
Rh2+ Qxh2+ 35. Qxh2+ Rh7 36. Qxh7+ Kxh7 37. Rf1 Be5 38. Rf3 Rg8 39. Rh3+ Kg7 40.
Kg1 Nxe4 41. Kf1 Nd2+ 42. Ke2 Nxc4 43. Rh1 Nb6 44. Rg1+ Kf7 45. Rh1 Nxd5 46.
Rh7+ Rg7 47. Rh2 Nc3+ 48. Kd3 f3 49. Rf2 Rg3 50. Kc4 c5 51. Kb3 a4+ 52. Kc4 b5+
53. Kd3 c4+ 54. Ke3 Nd1+ 55. Kd2 Nxf2 56. a3 c3+ 57. Kc2 b4 58. axb4 Ng4 59. b5
Rg2+ 60. Kc1 f2 61. b6 f1=Q# {MorenoChabotCl est échec et mat} 0-1

[Event "Tournament 14471 - Europe Echecs"]
[Site "Europe Echecs"]
[Date "2020.07.09"]
[Round "7"]
[Time "17:17:11"]
[PlyCount "67"]
[White "SuspeneJacques"]
[Black "FischlerOscar"]
[WhiteElo "1610"]
[BlackElo "1864"]
[Mode "WEB"]
[Result "0-1"]

1. e4 g6 2. d4 Bg7 3. Nc3 d6 4. Bg5 c6 5. Qd2 h6 6. Bh4 Nf6 7. f4 b5 8. e5 dxe5
9. fxe5 Nd5 10. Ne4 g5 11. Bg3 Bf5 12. Bd3 Bxe4 13. Bxe4 a5 14. Ne2 e6 15. O-O-O
b4 16. h4 Na6 17. hxg5 hxg5 18. Rxh8+ Bxh8 19. Rh1 Kd7 20. Rh7 Qg8 21. Qd3 Nac7
22. Be1 Bg7 23. Bd2 Bf8 24. Bg6 Bg7 25. Bxg5 Ne7 26. Be4 Ncd5 27. Nf4 Bxe5 28.
dxe5 Qxg5 29. Rxf7 Ke8 30. Bg6 Nxg6 31. Qxg6 Qxg6 32. Nxg6 Kxf7 33. Nh4 Rg8 {SuspeneJacques a abandonné} 0-1

[Event "Tournament 14471 - Europe Echecs"]
[Site "Europe Echecs"]
[Date "2020.07.09"]
[Round "7"]
[Time "17:17:11"]
[PlyCount "52"]
[White "ValleeLouis"]
[Black "VilleneuveRobi"]
[WhiteElo "1864"]
[BlackElo "1662"]
[Mode "WEB"]
[Result "1-0"]

1. d4 d5 2. c4 e6 3. Nc3 Nf6 4. cxd5 exd5 5. Bg5 Be7 6. e3 h6 7. Bh4 O-O 8. Bd3
b6 9. Nf3 Bb7 10. O-O c5 11. Rc1 Nbd7 12. Bb1 Rc8 13. Qc2 Ne4 14. Bxe7 Qxe7 15.
Nd2 f5 16. Rfd1 Qg5 17. Qa4 Ndf6 18. Qxa7 cxd4 19. Ncxe4 Nxe4 20. Qxb7 Nxd2 21.
Rxc8 dxe3 22. Qxd5+ Kh7 23. Rxf8 exf2+ 24. Kh1 Qe7 25. Bxf5+ g6 26. Qg8# {VilleneuveRobi est échec et mat} 1-0

[Event "Tournament 14471 - Europe Echecs"]
[Site "Europe Echecs"]
[Date "2020.07.09"]
[Round "7"]
[Time "17:17:11"]
[PlyCount "84"]
[White "MaziarzPierre"]
[Black "TrevisiolAntoi"]
[WhiteElo "1424"]
[BlackElo "1788"]
[Mode "WEB"]
[Result "0-1"]

1. d4 Nf6 2. c4 c5 3. d5 b5 4. cxb5 a6 5. e3 axb5 6. Bxb5 Ba6 7. Bxa6 Nxa6 8.
Nc3 g6 9. Nf3 Bg7 10. O-O O-O 11. e4 d6 12. Bf4 Rb8 13. b3 Nh5 14. Be3 Bxc3 15.
Rc1 Bg7 16. Qe2 Nc7 17. Qc4 Rb4 18. Qd3 Qb8 19. Nd2 Nb5 20. Nc4 Nd4 21. g4 Nf6
22. f3 Nd7 23. Na5 Ne5 24. Qd1 Qb5 25. Bd2 Ne2+ 26. Kg2 Nxc1 27. Bxb4 cxb4 28.
f4 Qxa5 29. fxe5 Qxa2+ 30. Rf2 Qb1 31. Rf1 Qxe4+ 32. Kg1 Ne2+ 33. Kf2 Nc3 34.
Qc1 Bxe5 35. Qb2 Bd4+ 36. Kg3 Ne2+ 37. Qxe2 Qxe2 38. Rf3 Be5+ 39. Kh4 Qxh2+ 40.
Rh3 Bg3+ 41. Kg5 f6+ 42. Kh6 {MaziarzPierre a abandonné} 0-1

[Event "Tournament 14471 - Europe Echecs"]
[Site "Europe Echecs"]
[Date "2020.07.09"]
[Round "7"]
[Time "17:17:11"]
[PlyCount "112"]
[White "VuDinhAdrien"]
[Black "GignouxPezzett"]
[WhiteElo "1740"]
[BlackElo "1605"]
[Mode "WEB"]
[Result "1-0"]

1. e4 e5 2. Nf3 Nc6 3. Bc4 Be7 4. O-O Nf6 5. Nc3 O-O 6. d4 d6 7. Bg5 Bg4 8. dxe5
Nxe5 9. Be2 Nxf3+ 10. Bxf3 Bxf3 11. Qxf3 h6 12. Bh4 Re8 13. Rfe1 Qd7 14. Rad1
Rad8 15. e5 Nh7 16. Bg3 Qc6 17. Qxc6 bxc6 18. h3 Nf8 19. exd6 cxd6 20. Bxd6 Bxd6
21. Rxe8 Rxe8 22. Rxd6 Rb8 23. b3 Rb6 24. Rd8 g6 25. Ne4 Kg7 26. Nc5 Rb5 27. Na4
Ne6 28. Rd7 a5 29. Rd6 c5 30. Rd5 Kf6 31. c4 Rb4 32. Nxc5 Nxc5 33. Rxc5 a4 34.
Rb5 Rxb5 35. cxb5 axb3 36. axb3 Ke6 37. Kf1 Kd5 38. Ke2 Kc5 39. Kd3 Kxb5 40. Kd4
Kb4 41. Ke5 Kxb3 42. Kf6 Kc3 43. Kxf7 Kd3 44. Kxg6 Ke2 45. f4 Kf2 46. f5 Kxg2
47. Kxh6 Kxh3 48. f6 Kg4 49. f7 Kg3 50. f8=Q Kg2 51. Qf4 Kg1 52. Kg5 Kh1 53. Kh4
Kg1 54. Qd2 Kf1 55. Kg3 Kg1 56. Qd1# {GignouxPezzett est échec et mat} 1-0

[Event "Tournament 14471 - Europe Echecs"]
[Site "Europe Echecs"]
[Date "2020.07.09"]
[Round "7"]
[Time "17:17:11"]
[PlyCount "81"]
[White "DelGiovaneFabi"]
[Black "BreuilTristan"]
[WhiteElo "1629"]
[BlackElo "1898"]
[Mode "WEB"]
[Result "0-1"]

1. e4 Nf6 2. e5 Nd5 3. d4 d6 4. Nf3 dxe5 5. Nxe5 g6 6. c4 Nb6 7. Nc3 Bg7 8. Nf3
O-O 9. Be2 Nc6 10. Be3 Bg4 11. c5 Nd5 12. O-O Nxc3 13. bxc3 e5 14. d5 Ne7 15. c4
Bxf3 16. Bxf3 e4 17. Bxe4 Bxa1 18. Qxa1 f5 19. Bf3 f4 20. Bd4 Nf5 21. Bc3 Qg5
22. d6 c6 23. Qd1 Nh4 24. Kh1 Nxf3 25. Qxf3 Qxc5 26. Qd3 Rad8 27. Rd1 f3 28.
gxf3 Rd7 29. Ba1 Qxf2 30. Rf1 Rxd6 31. Qb1 Qe2 32. Qe1 Qxe1 33. Rxe1 Rxf3 34.
Kg2 Rfd3 35. Re7 Rd7 36. Re8+ Kf7 37. Rh8 Ke6 38. Re8+ Kf5 39. Re5+ Kf4 40. Re8
Rd2+ {DelGiovaneFabi a abandonné} 0-1

[Event "Tournament 14471 - Europe Echecs"]
[Site "Europe Echecs"]
[Date "2020.07.09"]
[Round "7"]
[Time "17:17:11"]
[PlyCount "140"]
[White "MenouxJoachim"]
[Black "MateriaMatteo"]
[WhiteElo "1627"]
[BlackElo "1595"]
[Mode "WEB"]
[Result "1-0"]

1. d4 d5 2. c4 e6 3. Nc3 Nf6 4. Bg5 Be7 5. Nf3 O-O 6. e3 h6 7. Bf4 b6 8. Qc2 Bb7
9. Rc1 c5 10. cxd5 Nxd5 11. Nxd5 Qxd5 12. Bc4 Qd7 13. O-O Nc6 14. Rfd1 cxd4 15.
Nxd4 Nxd4 16. Rxd4 Qc6 17. Bf1 Qxc2 18. Rxc2 Rac8 19. Rxc8 Bxc8 20. h3 Rd8 21.
Rc4 Ba6 22. Rc2 Bxf1 23. Kxf1 Bd6 24. Rd2 Be7 25. Rc2 Bd6 26. Bxd6 Rxd6 27. Rc8+
Kh7 28. Rc7 Kg6 29. Rxa7 Rd2 30. b3 Rb2 31. g3 b5 32. Kg2 b4 33. Ra5 f6 34. Ra4
e5 35. Rxb4 Rxa2 36. Rb8 Rb2 37. b4 Kf5 38. b5 g5 39. b6 e4 40. b7 h5 41. Kg1 g4
42. h4 Rb1+ 43. Kg2 Rb2 44. Rh8 Rxb7 45. Rxh5+ Kg6 46. Ra5 f5 47. Ra6+ Kh5 48.
Rf6 Rb5 49. Rf8 Rc5 50. Rg8 Kh6 51. Kf1 Rc1+ 52. Kg2 Rc5 53. Rg5 Rd5 54. Kf1
Rd1+ 55. Ke2 Rd5 56. Rg8 Kh7 57. Rc8 Kg6 58. Rc6+ Kh5 59. Rc2 Kg6 60. Rd2 Ra5
61. Kd1 Ra1+ 62. Kc2 Ra2+ 63. Kc3 Ra3+ 64. Kd4 Ra4+ 65. Ke5 Ra5+ 66. Kf4 Ra6 67.
Rd5 Rf6 68. h5+ Kxh5 69. Rxf5+ Rxf5+ 70. Kxf5 {MateriaMatteo a abandonné} 1-0

[Event "Tournament 14471 - Europe Echecs"]
[Site "Europe Echecs"]
[Date "2020.07.09"]
[Round "7"]
[Time "17:17:11"]
[PlyCount "29"]
[White "LecciaThomas"]
[Black "BerthouJules"]
[WhiteElo "1893"]
[BlackElo "1390"]
[Mode "WEB"]
[Result "0-1"]

1. e4 e5 2. Nf3 Nc6 3. d4 exd4 4. Bc4 Nf6 5. e5 d5 6. Bb5 Ne4 7. Nxd4 Bd7 8.
Bxc6 bxc6 9. f3 Qh4+ 10. Ke2 Qf2+ 11. Kd3 c5 12. fxe4 Qxd4+ 13. Ke2 Bg4+ 14. Kf1
Qxd1+ {LecciaThomas a abandonné} 0-1

[Event "Tournament 14471 - Europe Echecs"]
[Site "Europe Echecs"]
[Date "2020.07.09"]
[Round "7"]
[Time "17:17:11"]
[PlyCount "115"]
[White "BrehautCarl"]
[Black "MarcheNael"]
[WhiteElo "1960"]
[BlackElo "1566"]
[Mode "WEB"]
[Result "0-1"]

1. d4 Nf6 2. c4 e6 3. Nf3 b6 4. g3 Bb7 5. Bg2 Bb4+ 6. Nbd2 O-O 7. O-O d5 8. Qc2
Bxd2 9. Nxd2 Nbd7 10. b3 c6 11. Bb2 Re8 12. e4 dxe4 13. Nxe4 Qc7 14. Nxf6+ Nxf6
15. Rad1 Rad8 16. Rfe1 Qe7 17. Qc3 b5 18. d5 cxd5 19. cxd5 b4 20. Qe5 Rd6 21.
Qg5 h6 22. Qf4 Nxd5 23. Bxd5 Rxd5 24. Rxd5 Bxd5 25. Qd4 f6 26. f4 Qb7 27. g4 Bh1
28. Qf2 Rd8 29. h3 Kf7 30. g5 hxg5 31. fxg5 Qg2+ 32. Qxg2 Bxg2 33. Kxg2 Rd2+ 34.
Kg3 Rxb2 35. gxf6 gxf6 36. Rc1 Rxa2 37. h4 Kg6 38. Rc4 a5 39. Rg4+ Kh6 40. Re4
e5 41. Kg4 Rg2+ 42. Kf5 Rf2+ 43. Ke6 Rf4 44. Re3 e4 45. Kd5 f5 46. Rg3 Rg4 47.
Re3 Rxh4 48. Ke5 Kg6 49. Re1 Rg4 50. Ra1 e3 51. Rxa5 Re4+ 52. Kd5 e2 53. Ra6+
Kg5 54. Ra1 e1=Q 55. Rxe1 Rxe1 56. Kc4 Re4+ 57. Kb5 f4 {BrehautCarl a abandonné} 0-1

[Event "Tournament 14471 - Europe Echecs"]
[Site "Europe Echecs"]
[Date "2020.07.09"]
[Round "7"]
[Time "17:17:11"]
[PlyCount "51"]
[White "PaiLiuPaul"]
[Black "GresserBaptist"]
[WhiteElo "1560"]
[BlackElo "1791"]
[Mode "WEB"]
[Result "0-1"]

1. e4 d5 2. exd5 Nf6 3. d4 Bg4 4. Nf3 Qxd5 5. c4 Qd7 6. Be2 Nc6 7. Be3 O-O-O 8.
O-O e6 9. a3 Bd6 10. Nc3 h5 11. b4 Bxf3 12. Bxf3 Ng4 13. c5 Bxh2+ 14. Kh1 Qe7
15. g3 Nxe3 16. Qa4 Nxf1 17. b5 Nxd4 18. c6 Kb8 19. b6 cxb6 20. Nb5 Nxb5 21.
Qxb5 Nxg3+ 22. fxg3 Bxg3 23. cxb7 Qh4+ 24. Kg2 Qh2+ 25. Kf1 Qf2# {PaiLiuPaul est échec et mat} 0-1

[Event "Tournament 14471 - Europe Echecs"]
[Site "Europe Echecs"]
[Date "2020.07.09"]
[Round "7"]
[Time "17:17:11"]
[PlyCount "56"]
[White "MichelDeletieO"]
[Black "TulliezAndre"]
[WhiteElo "1558"]
[BlackElo "1777"]
[Mode "WEB"]
[Result "1-0"]

1. e4 c5 2. Nf3 d6 3. d4 cxd4 4. Nxd4 Nf6 5. Nc3 a6 6. f3 e5 7. Nde2 Be6 8. Be3
Nbd7 9. Qd2 h5 10. O-O-O Rc8 11. Kb1 b5 12. f4 b4 13. Nd5 Nxe4 14. Qe1 Qa5 15.
Qxb4 Qxb4 16. Nxb4 a5 17. Nd3 a4 18. Ng3 Bg4 19. Re1 Nxg3 20. hxg3 e4 21. Nf2
Nf6 22. Nxg4 Nxg4 23. Bb5+ Kd8 24. Bb6+ Ke7 25. Rxe4+ Kf6 26. Bd3 Rc5 27. Bd8+
Kg6 28. Re6# {TulliezAndre est échec et mat} 1-0

[Event "Tournament 14471 - Europe Echecs"]
[Site "Europe Echecs"]
[Date "2020.07.09"]
[Round "7"]
[Time "17:17:11"]
[PlyCount "43"]
[White "GrondinMarine"]
[Black "DimeyGabertQue"]
[WhiteElo "1533"]
[BlackElo "1758"]
[Mode "WEB"]
[Result "0-1"]

1. e4 c5 2. Nf3 Nc6 3. c3 g6 4. d4 Bg7 5. Be2 Nf6 6. e5 Nd5 7. O-O O-O 8. Be3
cxd4 9. cxd4 d6 10. exd6 Qxd6 11. Nc3 Be6 12. Ne4 Qc7 13. Rc1 Bf5 14. Nc3 Rad8
15. Nxd5 Rxd5 16. Bc4 Rdd8 17. Bb3 Qd7 18. d5 Nb4 19. Rc5 Nd3 20. Rc2 b6 21. Rd2
Nxb2 {GrondinMarine a perdu au temps} 0-1

[Event "Tournament 14471 - Europe Echecs"]
[Site "Europe Echecs"]
[Date "2020.07.09"]
[Round "7"]
[Time "17:17:11"]
[PlyCount "108"]
[White "OkhanianGiorgi"]
[Black "GardeGuillaume"]
[WhiteElo "1490"]
[BlackElo "1716"]
[Mode "WEB"]
[Result "1-0"]

1. e4 e6 2. d4 d5 3. exd5 exd5 4. Nf3 Nc6 5. c4 Bb4+ 6. Nc3 Nf6 7. Be2 dxc4 8.
Bxc4 O-O 9. O-O Bf5 10. Qb3 Bxc3 11. bxc3 Na5 12. Qb4 Nxc4 13. Qxc4 c6 14. Bg5
Be6 15. Qb4 b6 16. Ne5 Rc8 17. Rfd1 h6 18. Bh4 g5 19. Bg3 Nd5 20. Qb2 Qe7 21. c4
Nf6 22. h4 Nh5 23. hxg5 Nxg3 24. fxg3 Qxg5 25. d5 cxd5 26. cxd5 Bg4 27. Rd4 Bh5
28. Rh4 Bg6 29. Nd7 f6 30. Nxf8 Rxf8 31. d6 Qxg3 32. Qb3+ Qxb3 33. axb3 Kg7 34.
Rxa7+ Bf7 35. Rg4+ Kh7 36. Rb4 Kg6 37. Rxb6 Rd8 38. Rc6 Bd5 39. Rb6 Be6 40. Re7
Bd7 41. Rb7 Bf5 42. b4 Rxd6 43. Rg7+ Kh5 44. Rb5 Rd1+ 45. Kh2 Rf1 46. g4+ Kh4
47. Rxf5 Rxf5 48. gxf5 h5 49. Kg1 Kh3 50. Rf7 h4 51. Rxf6 Kg3 52. Rh6 h3 53. f6
h2+ 54. Kh1 {GardeGuillaume a abandonné} 1-0

[Event "Tournament 14471 - Europe Echecs"]
[Site "Europe Echecs"]
[Date "2020.07.09"]
[Round "7"]
[Time "17:17:11"]
[PlyCount "93"]
[White "DavtianArmen"]
[Black "DameAxel"]
[WhiteElo "1413"]
[BlackElo "1709"]
[Mode "WEB"]
[Result "0-1"]

1. d4 Nf6 2. c4 g6 3. Nc3 Bg7 4. Bg5 O-O 5. e3 d6 6. Nf3 h6 7. Bh4 Nbd7 8. Bd3
e5 9. dxe5 Nxe5 10. Nxe5 dxe5 11. Qc2 Kh7 12. Ne4 Be6 13. O-O c6 14. Rfd1 Qe7
15. Qc3 Bf5 16. Nxf6+ Bxf6 17. Bxf6 Qxf6 18. Bxf5 Qxf5 19. Rd3 Rfd8 20. Rad1
Rxd3 21. Qxd3 Qxd3 22. Rxd3 Kg7 23. Kf1 Kf6 24. Ke2 Ke7 25. e4 Rd8 26. b3 Rxd3
27. Kxd3 f5 28. f3 Kd6 29. a4 c5 30. h4 f4 31. Ke2 Kc6 32. Kd3 Kb6 33. Kd2 Ka5
34. Kc3 b6 35. Kc2 Kb4 36. Kb2 a6 37. Kc2 Ka3 38. Kc3 Ka2 39. b4 Ka3 40. b5 a5
41. Kc2 Kxa4 42. Kc3 h5 43. Kd3 Kb4 44. Kd2 Kxc4 45. Kc2 Kxb5 46. Kb3 a4+ {DavtianArmen a abandonné} 0-1

[Event "Tournament 14471 - Europe Echecs"]
[Site "Europe Echecs"]
[Date "2020.07.09"]
[Round "7"]
[Time "17:17:11"]
[PlyCount "100"]
[White "ThibousMathis"]
[Black "LaouamriSamy"]
[WhiteElo "1313"]
[BlackElo "1669"]
[Mode "WEB"]
[Result "1/2-1/2"]

1. c4 e5 2. Nc3 Nf6 3. g3 Nc6 4. Bg2 b6 5. e3 Bb7 6. Nge2 Na5 7. Bxb7 Nxb7 8.
O-O Be7 9. d4 exd4 10. exd4 O-O 11. Nf4 c6 12. Qf3 Bb4 13. Bd2 Nd6 14. Qd3 Bxc3
15. Bxc3 Nde4 16. f3 Nxc3 17. bxc3 d5 18. Rfe1 Qd6 19. Re2 Rfd8 20. Re5 Rac8 21.
Rae1 dxc4 22. Qxc4 Nd5 23. Nxd5 cxd5 24. Qxc8 Rxc8 25. Re8+ Rxe8 26. Rxe8+ Qf8
27. Rxf8+ Kxf8 28. Kf2 Ke7 29. Ke3 Ke6 30. g4 b5 31. f4 f5 32. g5 g6 33. h4 Kd6
34. Kd3 Kc6 35. Kc2 Kb6 36. Kb3 a5 37. a3 Kc6 38. Kc2 a4 39. Kd3 Kb6 40. Kc2 Ka5
41. Kb2 Kb6 42. Kc2 Kc6 43. Kd3 Kd6 44. Kc2 Kd7 45. Kd3 Kc6 46. Kc2 Kb6 47. Kd3
Ka5 48. Kc2 Ka6 49. Kd3 Kb6 50. Kc2 {Nulle par répétition} 1/2-1/2

[Event "Tournament 14471 - Europe Echecs"]
[Site "Europe Echecs"]
[Date "2020.07.09"]
[Round "7"]
[Time "17:17:11"]
[PlyCount "22"]
[White "DruonThibault"]
[Black "DincovIoan"]
[WhiteElo "1644"]
[BlackElo "1549"]
[Mode "WEB"]
[Result "1-0"]

1. d4 e5 2. dxe5 Nc6 3. Bf4 Qe7 4. Nf3 Qb4+ 5. Bd2 Qxb2 6. Nc3 Bb4 7. Rb1 Qa3 8.
Rb3 Qa5 9. a3 Bc5 10. Nb5 Bf8 11. Bxa5 {DincovIoan a abandonné} 1-0

[Event "Tournament 14471 - Europe Echecs"]
[Site "Europe Echecs"]
[Date "2020.07.09"]
[Round "7"]
[Time "17:17:11"]
[PlyCount "154"]
[White "SivasankaranSa"]
[Black "MareauTimothe"]
[WhiteElo "1216"]
[BlackElo "1642"]
[Mode "WEB"]
[Result "1-0"]

1. e4 e6 2. d4 d5 3. exd5 exd5 4. Bd3 Bd6 5. Qf3 Nf6 6. h3 h6 7. Ne2 Be6 8. O-O
Nbd7 9. c3 O-O 10. Bf4 Bxf4 11. Nxf4 Re8 12. Nd2 c6 13. Rfe1 Nf8 14. Nh5 Nxh5
15. Qxh5 Qf6 16. Nf3 Re7 17. Qh4 Qxh4 18. Nxh4 Rae8 19. Kf1 Nd7 20. Bf5 Bxf5 21.
Nxf5 Rxe1+ 22. Rxe1 Rxe1+ 23. Kxe1 Kf8 24. Nd6 b6 25. Nc8 a5 26. f4 Ke8 27. g4
Kd8 28. Nd6 Ke7 29. Nf5+ Kf6 30. Kf2 h5 31. Kf3 hxg4+ 32. hxg4 g6 33. Ng3 Nf8
34. g5+ Ke6 35. Kg4 Nd7 36. f5+ gxf5+ 37. Nxf5 c5 38. Kf4 c4 39. Ng7+ Ke7 40.
Kf5 b5 41. Nh5 b4 42. Nf4 Kd6 43. g6 fxg6+ 44. Nxg6 Nb6 45. Ne5 Na4 46. cxb4
axb4 47. b3 Nb2 48. Kf4 c3 49. Ke3 Nd1+ 50. Kd3 Nf2+ 51. Ke3 Ne4 52. Nd3 c2 53.
Nc1 Ng5 54. Kd2 Nf3+ 55. Kd3 Ke6 56. Ke3 Ng5 57. Kd2 Nf3+ 58. Ke3 Nh4 59. Nd3
Nf3 60. Kxf3 Kf5 61. Nc1 Kg5 62. Ke3 Kf5 63. Kd3 Kf4 64. a4 bxa3 65. b4 Kf5 66.
Kxc2 Ke6 67. Kb3 Kd7 68. Kxa3 Kc6 69. Ka4 Kb6 70. b5 Kc7 71. Ka5 Kd6 72. Ka6 Kc7
73. b6+ Kb8 74. Nb3 Ka8 75. Na5 Kb8 76. Nc6+ Ka8 77. b7# {MareauTimothe est échec et mat} 1-0

[Event "Tournament 14471 - Europe Echecs"]
[Site "Europe Echecs"]
[Date "2020.07.09"]
[Round "7"]
[Time "17:17:11"]
[PlyCount "82"]
[White "PeyquetMaelys"]
[Black "BousmahaLeila"]
[WhiteElo "1257"]
[BlackElo "1638"]
[Mode "WEB"]
[Result "1-0"]

1. e4 e5 2. Nf3 Nc6 3. Bc4 Nf6 4. d3 Be7 5. c3 d6 6. h3 Be6 7. Bb5 h6 8. Nbd2
O-O 9. Ba4 a6 10. Nf1 b5 11. Bc2 Re8 12. Ng3 Bf8 13. O-O g6 14. Re1 Nb8 15. d4
exd4 16. cxd4 c6 17. e5 dxe5 18. dxe5 Nfd7 19. Be3 c5 20. Be4 Ra7 21. Qc1 Kh7
22. b4 Rc7 23. bxc5 Bxc5 24. Qd2 Bxe3 25. Qxe3 Nc5 26. Red1 Qe7 27. Rac1 Nxe4
28. Nxe4 Rd8 29. Nf6+ Kg7 30. Qb6 Rxc1 31. Rxc1 Nd7 32. Qc7 Qf8 33. a3 Nxf6 34.
exf6+ Kxf6 35. Qe5+ Ke7 36. Rc7+ Ke8 37. Nd4 Qd6 38. Qh8+ Qf8 39. Qf6 Qd6 40.
Nxe6 Qxe6 41. Qh8# {BousmahaLeila est échec et mat} 1-0

[Event "Tournament 14471 - Europe Echecs"]
[Site "Europe Echecs"]
[Date "2020.07.09"]
[Round "7"]
[Time "17:17:11"]
[PlyCount "91"]
[White "ChouvaevKominD"]
[Black "NajaryanArtur"]
[WhiteElo "1637"]
[BlackElo "1526"]
[Mode "WEB"]
[Result "1-0"]

1. e4 c5 2. Nf3 Nc6 3. d4 cxd4 4. Nxd4 Nf6 5. Nc3 g6 6. Nxc6 bxc6 7. e5 Nh5 8.
Bc4 Qa5 9. O-O Ba6 10. Bxa6 Qxa6 11. Ne4 Qb5 12. Be3 Ng7 13. f4 Nf5 14. Bc5 Bg7
15. a4 Qc4 16. Re1 O-O 17. b3 Qa6 18. g4 d6 19. gxf5 dxc5 20. fxg6 hxg6 21. Nxc5
Qb6 22. Qd4 Rfd8 23. Qf2 Rd5 24. Nd3 c5 25. Re4 Rad8 26. Rc4 Qe6 27. Rf1 Qg4+
28. Kh1 Qf5 29. Rxc5 R5d7 30. Rc4 e6 31. Rg1 Bh6 32. Rg3 Qh5 33. a5 Qf5 34. Kg2
Kg7 35. b4 a6 36. h3 Rd5 37. Rf3 Kh7 38. Rc6 Rd4 39. Rxa6 Rc4 40. Ra7 Rb8 41. a6
Rbc8 42. Qh4 Rxc2+ 43. Nf2 R8c3 44. Rxc3 Rxc3 45. Qf6 Qe4+ {NajaryanArtur a abandonné} 1-0

[Event "Tournament 14471 - Europe Echecs"]
[Site "Europe Echecs"]
[Date "2020.07.09"]
[Round "7"]
[Time "17:17:11"]
[PlyCount "67"]
[White "DeshaiesClemen"]
[Black "DaudeAlexandre"]
[WhiteElo "1600"]
[BlackElo "1518"]
[Mode "WEB"]
[Result "0-1"]

1. e4 e6 2. d4 d5 3. Nc3 Bb4 4. exd5 exd5 5. Bd3 Nf6 6. Nge2 Nc6 7. O-O O-O 8.
Bg5 h6 9. Bh4 Be7 10. Re1 Bg4 11. f3 Bh5 12. Nf4 Kh8 13. Nxh5 Nxh5 14. Bxe7 Nxe7
15. Qd2 Nc6 16. Bb5 Ne7 17. Re5 Nf6 18. Rae1 Ng6 19. R5e2 c6 20. Bd3 Qb6 21.
Bxg6 fxg6 22. b3 c5 23. Na4 Qa6 24. Nxc5 Qxa2 25. Nxb7 Rab8 26. Nc5 Rb6 27. Re7
Rd6 28. Ne6 Rc8 29. Rxg7 g5 30. Rg6 Rxc2 31. Rxh6+ Nh7 32. Rxh7+ Kxh7 33. Qd3+
Kh8 {DeshaiesClemen a perdu au temps} 0-1

[Event "Tournament 14471 - Europe Echecs"]
[Site "Europe Echecs"]
[Date "2020.07.09"]
[Round "7"]
[Time "17:17:11"]
[PlyCount "115"]
[White "CiarlettaUlyss"]
[Black "FondratJohan"]
[WhiteElo "1599"]
[BlackElo "1509"]
[Mode "WEB"]
[Result "0-1"]

1. d4 d5 2. c4 c6 3. Nc3 Nf6 4. cxd5 cxd5 5. Nf3 Nc6 6. Bg5 e6 7. e3 h6 8. Bh4
Bd6 9. Bd3 O-O 10. O-O a6 11. Bg3 b5 12. Qd2 Bb7 13. Rab1 b4 14. Ne2 a5 15. Bxd6
Qxd6 16. Ng3 Rac8 17. Rfc1 Na7 18. Ne1 Ba6 19. Bxa6 Qxa6 20. Nd3 Nd7 21. Nf1 Nb5
22. Qe2 Nd6 23. Nd2 Nf6 24. Nb3 Nd7 25. Qd2 Ne4 26. Qd1 Nd6 27. Nbc5 Nxc5 28.
Nxc5 Qb5 29. Qd3 Rxc5 30. Qd2 Rxc1+ 31. Rxc1 Nc4 32. Qd3 Rb8 33. b3 Nd6 34. Qd2
Ne4 35. Qc2 Nc3 36. a4 Qe2 37. h3 Qxc2 38. Rxc2 Kh7 39. Kf1 Kg6 40. f3 Kg5 41.
g3 h5 42. Kg2 Kf5 43. Kf2 Rc8 44. Ke1 g5 45. Kf1 g4 46. fxg4+ hxg4 47. Rf2+ Kg6
48. h4 Ne4 49. Rf4 Rc1+ 50. Kg2 f5 51. Kh2 Rc2+ 52. Kg1 Nxg3 53. h5+ Kxh5 54. e4
Ne2+ 55. Kf1 Nxf4 56. e5 g3 57. Kg1 Rc1# {CiarlettaUlyss est échec et mat} 0-1

[Event "Tournament 14471 - Europe Echecs"]
[Site "Europe Echecs"]
[Date "2020.07.09"]
[Round "7"]
[Time "17:17:11"]
[PlyCount "219"]
[White "KorchalovskiiM"]
[Black "PorsoughyanEri"]
[WhiteElo "1593"]
[BlackElo "1474"]
[Mode "WEB"]
[Result "1/2-1/2"]

1. d4 e6 2. c4 d5 3. Nc3 Nf6 4. cxd5 exd5 5. Bg5 Be7 6. e3 Bf5 7. Bd3 Bg6 8.
Bxg6 fxg6 9. Nge2 c6 10. f3 O-O 11. O-O Qc7 12. Bf4 Bd6 13. Bxd6 Qxd6 14. e4 Qc7
15. e5 Nfd7 16. Rc1 Na6 17. Nxd5 Qa5 18. Ndc3 Nb4 19. Qb3+ Kh8 20. e6 Nf6 21. a3
Nbd5 22. Nxd5 Nxd5 23. Qxb7 Rab8 24. Qxc6 Rxb2 25. Rc5 Qd2 26. Qxd5 Qxe2 27. Qg5
h6 28. Qg4 Qe3+ 29. Kh1 Qe2 30. Rg1 Re8 31. Re5 Qd3 32. Qe4 Qxa3 33. Qxg6 Re7
34. Rd5 Rb8 35. Rd7 Rxd7 36. exd7 Qe7 37. Qc6 Rd8 38. d5 Rxd7 39. Rd1 Rd6 40.
Qc5 Qe2 41. Ra1 Rg6 42. Qg1 a6 43. Re1 Qc4 44. Re8+ Kh7 45. Rd8 Qc7 46. Re8 Qd6
47. Qd1 Qd7 48. Re5 Qd6 49. Re4 a5 50. Qd3 Qc7 51. h3 Qc1+ 52. Kh2 Qc7+ 53. f4
Qf7 54. d6 Qd7 55. Re7 Qxd6 56. Qxd6 Rxd6 57. Ra7 Rd5 58. Kg3 Kg6 59. Kf3 h5 60.
Ra6+ Kf7 61. Ke4 Rd2 62. g4 Rh2 63. gxh5 Rxh3 64. Rxa5 Kf6 65. Rf5+ Ke6 66. Rg5
Kf6 67. Rf5+ Ke6 68. Ra5 Kf7 69. Ra7+ Kg8 70. Ra5 Kh7 71. Rg5 Kh6 72. Kf5 Ra3
73. Rg6+ Kh7 74. Kg5 Ra5+ 75. f5 Rb5 76. Re6 Rc5 77. Re4 Ra5 78. Re7 Kg8 79. Kg6
Ra6+ 80. Re6 Ra8 81. h6 gxh6 82. Kxh6 Kf7 83. Kg5 Rg8+ 84. Kf4 Rg1 85. Re3 Rf1+
86. Ke5 Ra1 87. Rd3 Ra5+ 88. Rd5 Ra6 89. Rc5 Ra7 90. f6 Rd7 91. Rc6 Rd8 92. Rc5
Re8+ 93. Kf5 Rh8 94. Rc7+ Kg8 95. Ke6 Rh6 96. Rc8+ Kh7 97. Ke7 Rh4 98. Rc6 Re4+
99. Re6 Rb4 100. f7 Rb7+ 101. Kf8 Rc7 102. Re7 Rc8+ 103. Re8 Rc7 104. Rd8 Kg6
105. Re8 Rxf7+ 106. Kg8 Rg7+ 107. Kf8 Rf7+ 108. Kg8 Rg7+ 109. Kf8 Rf7+ {Nulle par répétition} 1/2-1/2